Canta pájaro lejano : (Registro nro. 8732)

Detalles MARC
000 -LIDER
fixed length control field 00750nam a22002537a 4500
001 - NÚMERO DE CONTROL
Identificador de número de control 0074
003 - IDENTIFICACDOR DE NÚMERO DE CONTROL
control field DO-SdBNP
005 - DATE AND TIME OF LATEST TRANSACTION
control field 20151116153107.0
007 - CAMPOS FIJOS DE DESCRIPCIÓN FÍSICA
fixed length control field 0074
008 - ELEMENTOS DE LONGITUD FIJA
fixed length control field 151116b sp 1982 xxu||||| |||| 00| 0 spa d
020 ## - ISBN
International Standard Book Number 8423927016
040 ## - FUENTE DE CATALOGACIÓN
Agencia que crea de manera original el registro BPMSU
Idioma de catalogación spa
Agencia que realiza la transcripción BPMSU
092 ## - LOCALLY ASSIGNED DEWEY DECIMAL CALL NUMBER
Número de clasificación xxxxxxx
Número de ítem (Cutter) xxxxxxx
100 10 - ASIENTO PRINCIPAL -- NOMBRE PERSONAL
Nombre personal Juan Ramón Jiménez,
Fechas asociadas con el nombre 1881-1958
245 10 - MENCIÓN DE TITULO
Título Canta pájaro lejano :
Subtítulo antolojía juvenil /
Mención de responsabilidad Juan Ramón Jiménez ; prólogo Ana Pelegrin ; ilustración Luis de Horna
250 ## - MENCIÓN DE EDICION
Mención de edición 6a ed.
260 ## - PUBLICACIÓN, DISTRIBUCIÓN, ETC. (PIE DE IMPRENTA)
Lugar de publicación, distribución, etc Madrid :
Nombre del editor, distribuidor, etc. Espasa-Calpe,
Fecha de publicación, distribución, etc 1982.
300 ## - DESCRIPCIÓN FÍSICA
Extensión 121 p. :
Otros detalles físicos il.,
Dimensiones 17 cm.
490 10 - MENCIÓN DE SERIES
Mención de serie Austral juvenil
Volume/sequential designation 1
700 10 - ASIENTO SECUNDARIO -- NOMBRE PERSONAL
Nombre personal Pelegrin, Ana,
Mención de responsabilidad pról.
830 00 - ASIENTO SECUNDARIO DE SERIE--TÍTULO UNIFORME
Título uniforme Austral juvenil
Número de la parte o sección de una obra 1
942 ## - ADDED ENTRY ELEMENTS (KOHA)
Source of classification or shelving scheme Dewey Decimal Classification
Koha item type Libros
956 ## - LOCAL ELECTRONIC LOCATION AND ACCESS (OCLC)
Nombre de host Brenda Tavárez
Existencias
Withdrawn status Lost status Source of classification or shelving scheme Damaged status Not for loan Collection code Home library Current library Date acquired Source of acquisition Total Checkouts Barcode Date last seen Price effective from Koha item type
    Dewey Decimal Classification       Biblioteca Pública Metropolitana Salomé Ureña Biblioteca Pública Metropolitana Salomé Ureña 11/16/2015 Donación   BPMSU15110290 11/16/2015 11/16/2015 Libros